Jak się nazywa ten obraz? - Statystyki

Ogólne statystyki
  • Ten quiz został rozwiązany 8 razy
  • Średni wynik to 25 z 50
Statystyki odpowiedzi
Obrazkowy Hint Odpowiedź % Poprawnych
Vincent van Gogh Gwieździsta noc
100%
Edvard Munch Krzyk
100%
Leonardo da Vinci Mona Lisa
100%
Claude Monet Impresja, wschód słońca
88%
Gustav Klimt Pocałunek
88%
Edouard Manet Śniadanie na trawie
88%
Albrecht Duerer Adam i Ewa
75%
Olga Boznańska Dziewczynka z chryzantemami
75%
Pablo Picasso Guernica
75%
Jan Matejko Hołd pruski
75%
Jean-Honore Fragonard Huśtawka
75%
Sandro Botticelli Narodziny Wenus
75%
Salvador Dali Płonąca żyrafa
75%
Henri Matisse Taniec
75%
Eugene Delacroix Wolność wiodąca lud na barykady
75%
Grant Wood American Gothic
63%
Paul Gauguin Autoportret z żółtym Chrystusem
63%
Alfons Mucha Cztery pory roku
63%
Frida Kahlo Dwie Fridy
63%
Caravaggio Narcyz
63%
Edward Hopper Nocne marki
63%
Edgar Degas Primaballerina
63%
Rembrandt van Rijn Straż nocna
63%
Andy Warhol Zupa Campbella
63%
James Whistler Aranżacja szarości i cieni nr 1: matka artysty
50%
Artemisia Gentileschi Judyta zabijająca Holofernesa
50%
Rene Magritte Kochankowie
50%
Auguste Renoir Śniadanie wioślarzy
50%
El Greco Ekstaza świętego Franciszka
38%
Hieronim Bosch Ogród ziemskich rozkoszy
38%
Francisco Goya Saturn pożerający własne dzieci
38%
Caspar David Friedrich Wędrowiec nad morzem mgły
38%
Roy Lichtenstein Whaam!
38%
Georgia O'Keefe Czaszka jelenia
25%
Henryk Siemiradzki Dirce chrześcijańska
25%
Gustave Courbet Kamieniarze
25%
Wassily Kandinsky Kompozycja 8
25%
Ilja Riepin Kozacy piszą list do sułtana
25%
Odd Nerdrum Liżący pył
25%
William Turner Pożar Izby Lordów i Izby Gmin
25%
Henri de Toulouse - Lautrec W Moulin Rouge
25%
Wasilij Wierieszczagin Apoteoza wojny
13%
Paul Cezanne Brzoskwinie i gruszki
13%
Marc Chagall Ja i wieś
13%
Aleksander Gierymski Powiśle
13%
William Blake Urizen stwarzający świat
13%
Bernardo Bellotto zwany Canaletto Widok Warszawy od strony Pragi
13%
Pieter Breughel Starszy Zabawy dziecięce
13%
Mark Rothko Pomarańczowe i żółte
0%
Diego Velazquez Triumf Bachusa
0%
Nie znaleziono quizów pasujących do podanych kryteriów
Rozkład punktacji
Procent ludzi z każdym wynikiem
Percentyl według liczby udzielonych odpowiedzi
Twoja historia wyników
Nie rozwiązałeś tego quizu